Reengineering a environment

Enregistré dans:
Détails bibliographiques
Auteur principal: Roman, Emil
Autres auteurs: Kollár, Vojtech
Format: Chapitre de livre
Langue:slovaque
Tags: Ajouter un tag
Pas de tags, Soyez le premier à ajouter un tag!

MARC

LEADER 00000naa$a2200000$$$4500
001 0157558
005 20240502072742.4
041 0 |a slo 
044 |a SK 
245 1 0 |a Reengineering a environment  |c Emil Roman, Vojtech Kollár 
100 1 |a Roman, Emil 
700 1 |a Kollár, Vojtech